Loading...

Dr.Nagendra ke shreshtha nibandha,Ed. /

Bibliographic Details
Main Author: Bharat Bhushan Agrawal
Format: Printed Book
Language:Hindi
Published: Rajpal and Sons ,
Subjects:
LEADER 00520nam a2200157Ia 4500
008 150624b xxu||||| |||| 00| e hin d
082 |a 864.4708 
100 |a Bharat Bhushan Agrawal 
245 |c Bharat Bhushan Agrawal  |a Dr.Nagendra ke shreshtha nibandha,Ed. / 
260 |b Rajpal and Sons , 
300 |a 155 p. 
546 |a In Hindi. 
650 |v Essays 
942 |c BK 
999 |c 87235  |d 87235 
952 |0 0  |1 0  |4 0  |6 864_470800000000000_AGR_D_H  |7 0  |9 87179  |a UL  |b UL  |c ST1  |d 1998-09-15  |l 0  |o 864.4708 AGR/D H  |p 4354  |r 2012-10-27  |w 2012-10-27  |y BK